1114 1622 1110 1639 1277 1746 1297 1659 1390 1244 1314 1107 1948 1574 1664 1409 1710 1161 1594 1587 1859 1612 1660 1844 1114 1097 1646 1854 1082 1507 1440 1525 1947 1971 1486 1412 1890 1500 1294 1599 1432 1838 1902 1671 1117 1731 1094 1707 1941 1582 1234 1772 1016 1674 1617 1720 1970 1126 1248 1855 1976 1924 1841 1111 1308 1208 1686 1667 1253 1014 1613 1919 1291 1453 1844 1905 1894 1890 1458 1515 1694 1308 1704 1082 1315 1827 1831 1511 1792 1661 1272 1455 1393 1901 1345 1617 1138 1418 1901 BCNSPRNW ULIB Ver.6.0+V

เปลี่ยนเป็นภาษาไทย

Change to English
 แสดงรายละเอียดบรรณานุกรม
  กลับหน้าหลัก

Brief Record : Get Marc (ISO 2709) : E-mail record : QR code < ปิดหน้าต่าง
LEADER : 00000nam 2200000uu 4500
001    13399109537
003     ULIB
008    110404s2543||||th 000 0 tha d
020    9747803852
060 04 WB320^bม398ค 2543
245 00 คู่มือเวชศาสตร์ฟื้นฟู /^cบรรณาธิการ วิศาล คันธารัตนกุล,ภาริส วงศ์แพทย์
250    พิมพ์ครั้งที่4
260    กรุงเทพฯ :^bโฮลิสติก พับลิชชิ่ง,^c2543
300    332 หน้า ;^c26 ซม.
500    ดรรชนี
650  2 Rehabilitation^vhandbooks, manuals, etc.
650  7 การฟื้นฟูสมรรถภาพ^vคู่มือ
650  7 เวชศาสตร์ฟื้นฟู^vคู่มือ
700 0  วิศาล คันธารัตนกุล,^eบรรณาธิการ
700 0  ภาริส วงศ์แพทย์,^eบรรณาธิการ
945    ^p380^l0^i014481
945    ^p380^l0^i014479
945    ^p380^l0^i014480
995    ทศพร
999 ^a ใช้งานได้ทุกระบบ
รายการนี้ยังไม่มีแท็ก
คุณยังไม่ได้ล็อกอิน คุณสามารถมีกิจกรรมร่วมกับเว็บไซต์ได้ แต่ต้องล็อกอินก่อน ::
  ล็อกอิน

รายการสื่อสารสนเทศ

ลำดับที่ ประเภท เลขเรียก/บาร์โค้ด สถานที่ สถานะ
- ไม่พบข้อมูล -

BibComment


ยังไม่เคยถูกคอมเมนท์

คอมเมนท์ทรัพยากรรายการนี้
  คอมเมนท์: คู่มือเวชศาสตร์ฟื..


 Copyright 2026. Bcnsprnw @Library